Statistics for Baseball Player Nicknames Quiz #1

Click here to take the quiz!

General Stats

  • This quiz has been taken 12,871 times
  • The average score is 11 of 20

Answer Stats

Nickname Player % Correct
The BambinoBabe Ruth
99%
Big PapiDavid Ortiz
84%
Mr. OctoberReggie Jackson
82%
The Big UnitRandy Johnson
75%
Joltin' JoeJoe DiMaggio
68%
CatfishJim Hunter
65%
The Say Hey KidWillie Mays
65%
The Big HurtFrank Thomas
64%
Mr. NovemberDerek Jeter
62%
Charlie HustlePete Rose
59%
The RocketRoger Clemens
56%
The Georgia PeachTy Cobb
53%
The Man of StealRickey Henderson
45%
The Splendid SplinterTed Williams
43%
Crime DogFred McGriff
42%
El DuqueOrlando Hernandez
39%
GodzillaHideki Matsui
33%
The BirdMark Fidrych
26%
Three FingerMordecai Brown
24%
NailsLenny Dykstra
21%

Score Distribution

Percentile by Number Answered

Percent of People with Each Score

Your Score History

You have not taken this quiz